|
|
|
|
| LEADER |
00000naa2a2200000 4500 |
| 001 |
635879 |
| 005 |
20250127120109.0 |
| 035 |
|
|
|a (RuTPU)RU\TPU\conf\37736
|
| 035 |
|
|
|a RU\TPU\conf\37734
|
| 090 |
|
|
|a 635879
|
| 100 |
|
|
|a 20230621d2023 k y0rusy50 ca
|
| 101 |
0 |
|
|a rus
|
| 102 |
|
|
|a RU
|
| 105 |
|
|
|a y z 101zy
|
| 135 |
|
|
|a drgn ---uucaa
|
| 181 |
|
0 |
|a i
|
| 182 |
|
0 |
|a b
|
| 200 |
1 |
|
|a Исследование влияния электроформованных скаффолдов, функционализированных магнитными наночастицами, на фенотип фибробластов и мезенхимальных стволовых клеток человека
|f М. Ю. Ведяшкина, Е. В. Сухинина
|g науч. рук. А. Г. Першина
|
| 203 |
|
|
|a Текст
|c электронный
|
| 225 |
1 |
|
|a Теоретические и прикладные аспекты фармации и биотехнологии
|
| 300 |
|
|
|a Заглавие с титульного экрана
|
| 320 |
|
|
|a [Библиогр.: с. 498 (2 назв.)]
|
| 461 |
|
1 |
|0 (RuTPU)RU\TPU\conf\37590
|t Химия и химическая технология в XXI веке
|o материалы XXIV Международной научно-практической конференции студентов и молодых ученых имени выдающихся химиков Л. П. Кулёва и Н. М. Кижнера, посвященной 85-летию со дня рождения профессора А. В. Кравцова, Томск, 15-19 мая 2023 г.
|o в 2 т.
|f Национальный исследовательский Томский политехнический университет (ТПУ) ; Инженерная школа природных ресурсов ; Инженерная школа новых производственных технологий ; Исследовательская школа химических и биомедицинских технологий ; Инженерная школа ядерных технологий
|d 2023
|
| 463 |
|
1 |
|0 (RuTPU)RU\TPU\conf\37591
|t Т. 1
|v [С. 497-498]
|d 2023
|
| 610 |
1 |
|
|a труды учёных ТПУ
|
| 610 |
1 |
|
|a электронный ресурс
|
| 610 |
1 |
|
|a скаффолды
|
| 610 |
1 |
|
|a магнитные наночастицы
|
| 610 |
1 |
|
|a стволовые клетки
|
| 610 |
1 |
|
|a матриксы
|
| 610 |
1 |
|
|a фибробласты
|
| 610 |
1 |
|
|a регенерация
|
| 610 |
1 |
|
|a адгезия
|
| 700 |
|
1 |
|a Ведяшкина
|b М. Ю.
|
| 701 |
|
1 |
|a Сухинина
|b Е. В.
|c специалист в области медицинских технологий
|c инженер-исследователь Томского политехнического университета
|f 1997-
|g Екатерина Владимировна
|3 (RuTPU)RU\TPU\pers\47212
|
| 702 |
|
1 |
|a Першина
|b А. Г.
|c биолог
|c доцент Томского политехнического университета, кандидат биологических наук
|f 1981-
|g Александра Геннадьевна
|4 727
|
| 712 |
0 |
2 |
|a Национальный исследовательский Томский политехнический университет
|c (2009- )
|b Исследовательская школа химических и биомедицинских технологий
|b Международный научно-исследовательский центр "Пьезо- и магнитоэлектрические материалы"
|9 26305
|
| 801 |
|
2 |
|a RU
|b 63413507
|c 20230731
|g RCR
|
| 856 |
4 |
|
|u http://earchive.tpu.ru/handle/11683/76703
|
| 942 |
|
|
|c BK
|